| 000 | 00424cam a22001932a 4500 | ||
|---|---|---|---|
| 001 | 009105 | ||
| 003 | AR-FADEU | ||
| 008 | 311216n1998####xxu####################dd | ||
| 020 | _a987-948-24-5 | ||
| 092 |
_a182 _bB928 |
||
| 100 | _aBuela, Alberto | ||
| 245 | _aEstudios griegos | ||
| 260 | _aBuenos Aires | ||
| 260 | _bTheorĂa | ||
| 260 | _c1998 | ||
| 300 | _a118 p | ||
| 650 | _aFILOSOFIA GRIEGA | ||
| 942 | _cBDGR | ||
| 999 |
_c14905 _d14905 |
||